| 000 | 00000nam 2200000za 4500 |
| 001 | 9.525120 |
| 003 | CaOODSP |
| 005 | 20200331224007 |
| 007 | ta |
| 008 | 150406|1994||||xxc||||| f|0| 0 eng d |
| 020 | |a0-662-61501-8 |
| 040 | |aCaOODSP|beng |
| 041 | |aeng |
| 041 | |afre |
| 043 | |an-cn--- |
| 086 | 1 |aC21-25/1-1994 |
| 110 | 1 |aCanada.|bIndustry Canada. |bMicro-Economic Analysis Directorate. |
| 245 | 10|aMultinationals as agents of change : |bsetting a new Canadian policy on foreign direct investment / |cby Lorraine Eden. |
| 260 | |aOttawa - Ontario : |bIndustry Canada. |c1994. |
| 300 | |aEnglish text, 56p. : |btables ; |c28 cm. |
| 490 | 1 |aDiscussion paper|vNo. 1 |
| 500 | |aContents: Introduction.--The hub and spoke relationship.--Looking backward: a brief history of Canadian FDI policy.--MNES and regional integration: who does what after NAFTA?--Lean production: who does what in the new economy?--Setting a new policy direction for Canada.--Conclusions.--Endnotes.--Bibliography. |
| 504 | |aBibliography. |
| 546 | |aBilingual |
| 563 | |aSoftcover |
| 690 | 07|aMultinational corporations|2gcpds |
| 690 | 07|aInvestments|2gcpds |
| 720 | 1 |aEden, Lorraine |
| 776 | 0#|tMultinationals as agents of change |w(CaOODSP)9.571961 |
| 776 | 0#|tLes multinationales comme agents du changement |w(CaOODSP)9.602381 |
| 792 | |tLes multinationales comme agents du changement : |efre|w(CaOODSP)9.525121 |
| 830 | #0|aDiscussion paper (Canada. Industry Canada)|vNo. 1|w(CaOODSP)9.509054 |